| 000 | 01539nam0a2200325 4500 | ||
|---|---|---|---|
| 001 | RU\NLR\BIBL_A\021978036 | ||
| 005 | 20260407070012.0 | ||
| 010 |
_a978-5-6041792-1-5 _9300 |
||
| 035 | _a(NLR Aleph) 021978036 | ||
| 090 |
_a12389281 _c12389281 |
||
| 100 | _a20230710d2018 |||y0rusy50 ca | ||
| 101 | 0 | _arus | |
| 102 | _aRU | ||
| 105 | _aach z 010zy | ||
| 181 | 0 |
_ai _baxxe |
|
| 182 | 0 | _an | |
| 200 | 1 |
_aПакт Рериха в истории сохранения культурного наследия _eк 80-летию подписания _fЮ. В. Спиридонова _gСанкт-Петербургский государственный музей-институт семьи Рерихов |
|
| 203 |
_aТекст _bвизуальный _cнепосредственный |
||
| 210 |
_aСанкт-Петербург _cСПбГМИСР _aСамара _cАрт-Лайт _d2018 |
||
| 215 |
_a191 с. _cил., портр., факс. _d21 |
||
| 320 | _aБиблиогр.: с. 155-170 и в подстроч. примеч. | ||
| 601 | 0 | 2 |
_aПакт Рериха _9956055 _3RU\NLR\AUTH\66356315 |
| 606 | 1 |
_aЦенности культурные _xОхрана _xМеждународно-правовые вопросы _91515160 _3RU\NLR\AUTH\66960045 |
|
| 686 | 1 | _aХ919.153 | |
| 700 | 1 |
_aСпиридонова _bЮ. В. _gЮлия Валентиновна |
|
| 711 | 0 | 2 |
_aПакт Рериха _3RU\NLR\AUTH\8810033472 _9565432 |
| 942 | _cBOOK | ||
| 980 | _aNB | ||